000 00962nam0a22002531 4500
001 rc\4890258
005 20260524041609.0
021 _aRU
_b[58-13470]
035 _a(NLR Aleph) 008922120
090 _a8830882
_c8830882
100 _a20130426d1957 |||y0rusy50 ca
101 0 _arus
102 _aRU
105 _ay z |||||
200 1 _aЭстетическое воспитание в школе
_eСборник статей
_fСарат. гор. ин-т усовершенствования учителей
210 _aСаратов
_cБ. и.
_d1957
215 _a101 с.
_d20
606 _aЭстетическое воспитание в школе
_jСборники
_2psbo
712 0 2 _aСаратовский городской институт усовершенствования учителей
_9415504
_3RU\NLR\AUTH\889959658
801 0 _aRU
_bNLR
_gpsbo
801 1 _aRU
_bELAR
_2rusmarc
852 _aNLR
_j58-3/1442
942 _cBOOK
980 _aNB